Stanovenie výkonov zdrojov pri výpadku komunikácie : Č.ved.odb. 26-34-9. Dát. obhaj. 25.5.2008
Uložené v:
| Hlavný autor: | |
|---|---|
| Ďalší autori: | |
| Médium: | Rukopis Kniha |
| Jazyk: | Slovak |
| Vydavateľské údaje: |
Bratislava :
STU v Bratislave FEI,
2008
|
| Predmet: | |
| Tagy: |
Žiadne tagy, Buďte prvý, kto otaguje tento záznam!
|
MARC
| LEADER | 00000ntm a22000003a 4500 | ||
|---|---|---|---|
| 001 | stu165366 | ||
| 005 | 20160719165050.6 | ||
| 008 | 080616s2008------------------------slo-d | ||
| 040 | |a STU |b slo | ||
| 041 | 0 | |a slo | |
| 080 | |a 53.084.8 | ||
| 080 | |a 004.451.62 | ||
| 100 | 1 | |a Rumpel, Martin |4 aut | |
| 245 | 1 | |a Stanovenie výkonov zdrojov pri výpadku komunikácie : |b Č.ved.odb. 26-34-9. Dát. obhaj. 25.5.2008 | |
| 260 | |a Bratislava : |b STU v Bratislave FEI, |c 2008 | ||
| 300 | |a 76 s | ||
| 650 | 7 | |a Elektroenergetika |2 stusub | |
| 650 | 7 | |a elektronická komunikácia |2 stusub | |
| 650 | 7 | |a prenos elektrickej energie |2 stusub | |
| 700 | 1 | |a Reváková, Daniela, |d 1945- |4 ths |u E130 |U FEI Fakulta elektrotechniky a informatiky |T FEI Katedra elektroenergetiky |X 2084 |U E130 |Y 59 |7 A000002084 | |
| 996 | |b 284ED01191 |c E*ZP-55 |l EE01 |s A |a 24 |w stu165366_0001 | ||